| 000 | 01029cab a22002415a 4500 | ||
|---|---|---|---|
| 001 | L149021 | ||
| 008 | 091215e20091114xxk 000 0 eng d | ||
| 035 | _a(Sirsi) u149021 | ||
| 041 | 0 | _aeng | |
| 100 | 1 | _aAlexander, Fiona | |
| 245 | 0 | 0 | _aMore haste, less speed |
| 260 | _c2009 | ||
| 490 |
_aEstates Gazette _v(0945) 14 November 2009, 94-96(2) |
||
| 520 | _aA faxed contract was scrutinised in the Scottish courts to determine whether it was effective. This article considers the issues that arises from the case of Thomas Park and another, Petitioners [2009] CSOH 122, within the statutory background of The Requirements of Writing (Scotland) Act 1995. | ||
| 590 | _aKA | ||
| 650 | 2 | 4 | _aREQUIREMENTS OF WRITING (SCOTLAND) ACT 1995 |
| 650 | 2 | 4 | _aTHOMAS PARK AND ANOTHER |
| 650 | 2 | 4 | _aELECTRONIC COMMUNICATIONS ACT 2000 S8 |
| 650 | 2 | 4 | _aARTL (ELECTRONIC COMMUNICATIONS) ORDER 2006 |
| 651 | 4 |
_aScotland _y1999- |
|
| 690 | _aBUILT ENVIRONMENT-BUILDING CONTRACT FORMS-STANDARD FORMS OF BUILDING CONTRACT | ||
| 942 | _n0 | ||
| 999 |
_c82028 _d82028 |
||